<?xml version="1.0" encoding="UTF-8"?>
<record
    xmlns:xsi="http://www.w3.org/2001/XMLSchema-instance"
    xsi:schemaLocation="http://www.loc.gov/MARC21/slim http://www.loc.gov/standards/marcxml/schema/MARC21slim.xsd"
    xmlns="http://www.loc.gov/MARC21/slim">

  <leader>00730nam a22002297a 4500</leader>
  <controlfield tag="005">20170327172906.0</controlfield>
  <controlfield tag="008">170327s1967    sp a|||| |||| 00| 0 spa d</controlfield>
  <datafield tag="040" ind1=" " ind2=" ">
    <subfield code="a">CO-BoIAVH </subfield>
    <subfield code="c">CO-BoIAVH </subfield>
  </datafield>
  <datafield tag="041" ind1="0" ind2=" ">
    <subfield code="a">spa</subfield>
  </datafield>
  <datafield tag="044" ind1=" " ind2=" ">
    <subfield code="a">sp</subfield>
  </datafield>
  <datafield tag="082" ind1="0" ind2="4">
    <subfield code="a">595.7072</subfield>
    <subfield code="b">C51m</subfield>
  </datafield>
  <datafield tag="100" ind1="1" ind2=" ">
    <subfield code="a">Chauvin, R&#xE9;my</subfield>
    <subfield code="e">autor</subfield>
  </datafield>
  <datafield tag="245" ind1="1" ind2="3">
    <subfield code="a">El mundo de los insectos / </subfield>
    <subfield code="c">R&#xE9;my Chauvin</subfield>
  </datafield>
  <datafield tag="260" ind1=" " ind2=" ">
    <subfield code="a">Madrid (Espa&#xF1;a) : </subfield>
    <subfield code="b">Ediciones Guadarrama,</subfield>
    <subfield code="c">1973.</subfield>
  </datafield>
  <datafield tag="300" ind1=" " ind2=" ">
    <subfield code="a">256 p&#xE1;ginas : </subfield>
    <subfield code="b">ilustraciones ; </subfield>
    <subfield code="c">28 x 20 cm. </subfield>
  </datafield>
  <datafield tag="504" ind1=" " ind2=" ">
    <subfield code="a">Incluye referencias bibliogr&#xE1;ficas.</subfield>
  </datafield>
  <datafield tag="650" ind1="2" ind2="6">
    <subfield code="a">Insecta</subfield>
  </datafield>
  <datafield tag="650" ind1="2" ind2="4">
    <subfield code="a">Insectos</subfield>
    <subfield code="x">Taxonom&#xED;a</subfield>
  </datafield>
  <datafield tag="650" ind1="2" ind2="4">
    <subfield code="a">Insectos</subfield>
    <subfield code="x">Habitat</subfield>
  </datafield>
  <datafield tag="650" ind1="2" ind2="4">
    <subfield code="a">Insectos</subfield>
    <subfield code="x">Comportamiento animal</subfield>
  </datafield>
  <datafield tag="942" ind1=" " ind2=" ">
    <subfield code="2">ddc</subfield>
    <subfield code="c">LIBRO</subfield>
  </datafield>
  <datafield tag="999" ind1=" " ind2=" ">
    <subfield code="c">19443</subfield>
    <subfield code="d">19443</subfield>
  </datafield>
  <datafield tag="952" ind1=" " ind2=" ">
    <subfield code="0">0</subfield>
    <subfield code="1">0</subfield>
    <subfield code="2">ddc</subfield>
    <subfield code="4">0</subfield>
    <subfield code="7">0</subfield>
    <subfield code="8">GENERAL</subfield>
    <subfield code="I">INV2017</subfield>
    <subfield code="a">Bogota</subfield>
    <subfield code="b">Bogota</subfield>
    <subfield code="d">2017-03-27</subfield>
    <subfield code="e">Iberlibro</subfield>
    <subfield code="g">50000.00</subfield>
    <subfield code="l">0</subfield>
    <subfield code="o">LB-595.7072 C51m</subfield>
    <subfield code="p">041108</subfield>
    <subfield code="r">2017-03-27 00:00:00</subfield>
    <subfield code="t">Ej. 1</subfield>
    <subfield code="w">2017-03-27</subfield>
    <subfield code="x">Donacion</subfield>
    <subfield code="y">LIBRO</subfield>
    <subfield code="z">Disponible en fotocopia, solo para consulta en sala,</subfield>
  </datafield>
</record>
